000 00902nam a2200181Ia 4500
008 100921s9999 xx 000 0 und d
082 _b27667
_a801.95 थ 78
100 _aजाधव रावसाहेब गणपतराव.
245 _aनिळी पहाट मराठी दलित साहित्याची मीमांसा.
260 _bप्राज्ञपाठशाळा मंडळ,वाई.
_c1978
300 _a155
_b---
365 _b9
520 _aललित-टीका,तत्वे,तंत्र.
630 _aनिळी पहाट मराठी दलित साहित्याची मीमांसा.
650 _aललित-टीका,तत्वे,तंत्र.
730 _aनिळी पहाट मराठी दलित साहित्याची मीमांसा.
942 _cBOOK
999 _c776780
_d776777